Statistics for Guess the woman celebrities

Click here to take the quiz!

General Stats

  • This quiz has been taken 170 times
  • The average score is 13 of 16

Answer Stats

Answer% Correct
Taylor Swift
98%
Selena Gomez
96%
Adele
93%
Katy Perry
93%
Nicki Minaj
91%
Michelle Obama
89%
Zendaya
87%
Kylie Jenner
86%
Serena Williams
85%
Jennifer Lawrence
84%
Lady Gaga
83%
Emma Stone
81%
Meghan Markle
75%
Anna Kendrick
64%
Amy Adams
55%
Melissa McCarthy
51%

Score Distribution

Percentile by Number Answered

Percent of People with Each Score

Your Score History

You have not taken this quiz